Watford FC managers since 2000 - Statistics

General Stats
  • This quiz has been taken 126 times
    7 since last reset
  • The average score is 19 of 28
Answer Stats
Manager % Correct
Javi Gracia
100%
Paulo Pezzolano
100%
Tom Cleverley
100%
Aidy Boothroyd
86%
Ed Still
86%
Graham Taylor
86%
Marco Silva
86%
Roy Hodgson
86%
Chris Wilder
71%
Claudio Ranieri
71%
Gianfranco Zola
71%
Nigel Pearson
71%
Quique Sanchez Flores
71%
Rob Edwards
71%
Slaven Bilic
71%
Valérien Ismaël
71%
Walter Mazzari
71%
Xisco Muñoz
71%
Brendan Rodgers
57%
Giuseppe Sannino
57%
Malky Mackay
57%
Oscar
57%
Shaun Dyche
57%
Slavisa Jokanovic
57%
Vladimir Ivic
57%
Gianluca Vialli
43%
Billy McKinley
29%
Ray Lewington
29%
No matching quizzes found
Score Distribution
Percent of People with Each Score
Percentile by Number Answered
Your Score History
You have not taken this quiz since the last reset